<?xml version="1.0" encoding="UTF-8"?>
<record
    xmlns:xsi="http://www.w3.org/2001/XMLSchema-instance"
    xsi:schemaLocation="http://www.loc.gov/MARC21/slim http://www.loc.gov/standards/marcxml/schema/MARC21slim.xsd"
    xmlns="http://www.loc.gov/MARC21/slim">

  <leader>00747nam a22002297a 4500</leader>
  <controlfield tag="001">85625</controlfield>
  <controlfield tag="003">BD-RjUL</controlfield>
  <controlfield tag="005">20250903105602.0</controlfield>
  <controlfield tag="008">250903s1914    us ||||| e||| 00| 0 eng d</controlfield>
  <datafield tag="035" ind1=" " ind2=" ">
    <subfield code="a">(BD-RjUL)85625</subfield>
  </datafield>
  <datafield tag="040" ind1=" " ind2=" ">
    <subfield code="a">BD-RjUL</subfield>
    <subfield code="b">eng</subfield>
    <subfield code="c">BD-RjUL</subfield>
    <subfield code="d">DLC</subfield>
    <subfield code="e">DLC</subfield>
  </datafield>
  <datafield tag="041" ind1=" " ind2=" ">
    <subfield code="a">eng</subfield>
  </datafield>
  <datafield tag="082" ind1=" " ind2=" ">
    <subfield code="2">23</subfield>
    <subfield code="a">203</subfield>
    <subfield code="b">ENC 1914</subfield>
  </datafield>
  <datafield tag="245" ind1=" " ind2=" ">
    <subfield code="a">Encyclopadia of Religion and Ethics,</subfield>
    <subfield code="c">Edited by, James Hastings</subfield>
  </datafield>
  <datafield tag="260" ind1=" " ind2=" ">
    <subfield code="a">New York</subfield>
    <subfield code="b">Charles Scribners Sons</subfield>
    <subfield code="c">1914</subfield>
  </datafield>
  <datafield tag="300" ind1=" " ind2=" ">
    <subfield code="a">911 page, </subfield>
    <subfield code="c">25 cm.</subfield>
  </datafield>
  <datafield tag="337" ind1=" " ind2=" ">
    <subfield code="a">Edinburgh : T. &amp;. T. Clark, 38 George Streeet</subfield>
    <subfield code="b">New York Charles Scribners sons</subfield>
  </datafield>
  <datafield tag="505" ind1=" " ind2=" ">
    <subfield code="a">Formatted note, V-1, 2, 3, 4, 5, 6, 7, 8, 9, 10</subfield>
  </datafield>
  <datafield tag="650" ind1=" " ind2=" ">
    <subfield code="a">Encyclopadia</subfield>
    <subfield code="9">15991</subfield>
  </datafield>
  <datafield tag="700" ind1=" " ind2=" ">
    <subfield code="a">Hastings, James, Edited by</subfield>
    <subfield code="9">16744</subfield>
  </datafield>
  <datafield tag="942" ind1=" " ind2=" ">
    <subfield code="2">ddc</subfield>
    <subfield code="c">BK</subfield>
  </datafield>
  <datafield tag="999" ind1=" " ind2=" ">
    <subfield code="c">85625</subfield>
    <subfield code="d">85625</subfield>
  </datafield>
  <datafield tag="952" ind1=" " ind2=" ">
    <subfield code="0">0</subfield>
    <subfield code="1">0</subfield>
    <subfield code="2">ddc</subfield>
    <subfield code="4">0</subfield>
    <subfield code="7">1</subfield>
    <subfield code="a">RUCL</subfield>
    <subfield code="b">RUCL</subfield>
    <subfield code="c">REF</subfield>
    <subfield code="d">1991-08-03</subfield>
    <subfield code="e">British Council</subfield>
    <subfield code="l">0</subfield>
    <subfield code="o">R 203 ENC 1914 V-7</subfield>
    <subfield code="r">2025-09-03 00:00:00</subfield>
    <subfield code="t">C-2</subfield>
    <subfield code="w">2025-09-03</subfield>
    <subfield code="y">BK</subfield>
  </datafield>
  <datafield tag="952" ind1=" " ind2=" ">
    <subfield code="0">0</subfield>
    <subfield code="1">0</subfield>
    <subfield code="2">ddc</subfield>
    <subfield code="4">0</subfield>
    <subfield code="7">1</subfield>
    <subfield code="a">RUCL</subfield>
    <subfield code="b">RUCL</subfield>
    <subfield code="c">REF</subfield>
    <subfield code="d">1991-08-03</subfield>
    <subfield code="e">British Council</subfield>
    <subfield code="l">0</subfield>
    <subfield code="o">R 203 ENC 1914 V-7</subfield>
    <subfield code="r">2025-09-03 00:00:00</subfield>
    <subfield code="t">C-1</subfield>
    <subfield code="w">2025-09-03</subfield>
    <subfield code="y">BK</subfield>
  </datafield>
  <datafield tag="952" ind1=" " ind2=" ">
    <subfield code="0">0</subfield>
    <subfield code="1">0</subfield>
    <subfield code="2">ddc</subfield>
    <subfield code="4">0</subfield>
    <subfield code="7">1</subfield>
    <subfield code="a">RUCL</subfield>
    <subfield code="b">RUCL</subfield>
    <subfield code="c">REF</subfield>
    <subfield code="d">1991-08-03</subfield>
    <subfield code="e">British Council</subfield>
    <subfield code="l">0</subfield>
    <subfield code="o">R 203 ENC 1914 V-4</subfield>
    <subfield code="r">2025-09-03 00:00:00</subfield>
    <subfield code="t">C-1</subfield>
    <subfield code="w">2025-09-03</subfield>
    <subfield code="y">BK</subfield>
  </datafield>
  <datafield tag="952" ind1=" " ind2=" ">
    <subfield code="0">0</subfield>
    <subfield code="1">0</subfield>
    <subfield code="2">ddc</subfield>
    <subfield code="4">0</subfield>
    <subfield code="7">1</subfield>
    <subfield code="a">RUCL</subfield>
    <subfield code="b">RUCL</subfield>
    <subfield code="c">REF</subfield>
    <subfield code="d">1991-08-03</subfield>
    <subfield code="e">British Council</subfield>
    <subfield code="l">0</subfield>
    <subfield code="o">R 203 ENC 1914 V-4</subfield>
    <subfield code="r">2025-09-03 00:00:00</subfield>
    <subfield code="t">C-2</subfield>
    <subfield code="w">2025-09-03</subfield>
    <subfield code="y">BK</subfield>
  </datafield>
  <datafield tag="952" ind1=" " ind2=" ">
    <subfield code="0">0</subfield>
    <subfield code="1">0</subfield>
    <subfield code="2">ddc</subfield>
    <subfield code="4">0</subfield>
    <subfield code="7">1</subfield>
    <subfield code="a">RUCL</subfield>
    <subfield code="b">RUCL</subfield>
    <subfield code="c">REF</subfield>
    <subfield code="d">1991-08-03</subfield>
    <subfield code="e">British Council</subfield>
    <subfield code="l">0</subfield>
    <subfield code="o">R 203 ENC 1914 V-9</subfield>
    <subfield code="r">2025-09-03 00:00:00</subfield>
    <subfield code="t">C-2</subfield>
    <subfield code="w">2025-09-03</subfield>
    <subfield code="y">BK</subfield>
  </datafield>
  <datafield tag="952" ind1=" " ind2=" ">
    <subfield code="0">0</subfield>
    <subfield code="1">0</subfield>
    <subfield code="2">ddc</subfield>
    <subfield code="4">0</subfield>
    <subfield code="7">1</subfield>
    <subfield code="a">RUCL</subfield>
    <subfield code="b">RUCL</subfield>
    <subfield code="c">REF</subfield>
    <subfield code="d">1991-08-03</subfield>
    <subfield code="e">British Council</subfield>
    <subfield code="l">0</subfield>
    <subfield code="o">R 203 ENC 1914 V-6</subfield>
    <subfield code="r">2025-09-03 00:00:00</subfield>
    <subfield code="t">C-1</subfield>
    <subfield code="w">2025-09-03</subfield>
    <subfield code="y">BK</subfield>
  </datafield>
  <datafield tag="952" ind1=" " ind2=" ">
    <subfield code="0">0</subfield>
    <subfield code="1">0</subfield>
    <subfield code="2">ddc</subfield>
    <subfield code="4">0</subfield>
    <subfield code="7">1</subfield>
    <subfield code="a">RUCL</subfield>
    <subfield code="b">RUCL</subfield>
    <subfield code="c">REF</subfield>
    <subfield code="d">1991-08-03</subfield>
    <subfield code="e">British Council</subfield>
    <subfield code="o">R 203 ENC 1914 V-1</subfield>
    <subfield code="r">2025-09-04 00:00:00</subfield>
    <subfield code="t">C-1</subfield>
    <subfield code="y">BK</subfield>
  </datafield>
  <datafield tag="952" ind1=" " ind2=" ">
    <subfield code="0">0</subfield>
    <subfield code="1">0</subfield>
    <subfield code="2">ddc</subfield>
    <subfield code="4">0</subfield>
    <subfield code="7">1</subfield>
    <subfield code="a">RUCL</subfield>
    <subfield code="b">RUCL</subfield>
    <subfield code="c">REF</subfield>
    <subfield code="d">1991-08-03</subfield>
    <subfield code="e">British Council</subfield>
    <subfield code="l">0</subfield>
    <subfield code="o">R 203 ENC 1914 V1</subfield>
    <subfield code="r">2025-09-04 00:00:00</subfield>
    <subfield code="t">C-2</subfield>
    <subfield code="w">2025-09-04</subfield>
    <subfield code="y">BK</subfield>
  </datafield>
  <datafield tag="952" ind1=" " ind2=" ">
    <subfield code="0">0</subfield>
    <subfield code="1">0</subfield>
    <subfield code="2">ddc</subfield>
    <subfield code="4">0</subfield>
    <subfield code="7">1</subfield>
    <subfield code="a">RUCL</subfield>
    <subfield code="b">RUCL</subfield>
    <subfield code="c">REF</subfield>
    <subfield code="d">1991-08-03</subfield>
    <subfield code="e">British Council</subfield>
    <subfield code="l">0</subfield>
    <subfield code="o">R 203 ENC 1914 V-2</subfield>
    <subfield code="r">2025-09-04 00:00:00</subfield>
    <subfield code="t">C-1</subfield>
    <subfield code="w">2025-09-04</subfield>
    <subfield code="y">BK</subfield>
  </datafield>
  <datafield tag="952" ind1=" " ind2=" ">
    <subfield code="0">0</subfield>
    <subfield code="1">0</subfield>
    <subfield code="2">ddc</subfield>
    <subfield code="4">0</subfield>
    <subfield code="7">1</subfield>
    <subfield code="a">RUCL</subfield>
    <subfield code="b">RUCL</subfield>
    <subfield code="c">REF</subfield>
    <subfield code="d">1991-08-03</subfield>
    <subfield code="e">British Council</subfield>
    <subfield code="l">0</subfield>
    <subfield code="o">R 203 ENC 1914 V-3</subfield>
    <subfield code="r">2025-09-04 00:00:00</subfield>
    <subfield code="t">C-1</subfield>
    <subfield code="w">2025-09-04</subfield>
    <subfield code="y">BK</subfield>
  </datafield>
  <datafield tag="952" ind1=" " ind2=" ">
    <subfield code="0">0</subfield>
    <subfield code="1">0</subfield>
    <subfield code="2">ddc</subfield>
    <subfield code="4">0</subfield>
    <subfield code="7">1</subfield>
    <subfield code="a">RUCL</subfield>
    <subfield code="b">RUCL</subfield>
    <subfield code="c">REF</subfield>
    <subfield code="d">1991-08-03</subfield>
    <subfield code="e">British Council</subfield>
    <subfield code="l">0</subfield>
    <subfield code="o">R 203 ENC 1914 Index Volume</subfield>
    <subfield code="r">2025-09-04 00:00:00</subfield>
    <subfield code="t">C-2</subfield>
    <subfield code="w">2025-09-04</subfield>
    <subfield code="y">BK</subfield>
  </datafield>
</record>
